Guess the 1960s song lyrics #219 - Statistics

General Stats
  • This quiz has been taken 10 times
  • The average score is 112 of 209
Answer Stats
Answer % Correct
a
100%
I
100%
And
88%
go
88%
her
88%
If
88%
if
88%
me
88%
She
88%
she
88%
that
88%
you
88%
your
88%
But
75%
but
75%
for
75%
had
75%
have
75%
it
75%
loved
75%
said
75%
so
75%
told
75%
We
75%
we
75%
when
75%
When
75%
who
75%
would
75%
you're
75%
can't
63%
didn't
63%
ever
63%
it's
63%
just
63%
on
63%
there
63%
were
63%
yes
63%
Ah
50%
ah
50%
be
50%
Come
50%
doing
50%
let's
50%
out
50%
sad
50%
say
50%
stayed
50%
wanna
50%
will
50%
wonder
50%
Because
38%
been
38%
Cause
38%
feel
38%
knows
38%
lose
38%
never
38%
now
38%
Oh
38%
oh
38%
Or
38%
or
38%
put
38%
right
38%
she's
38%
tell
38%
what
38%
What
38%
won't
38%
always
25%
couldn't
25%
friend
25%
la
25%
myself
25%
should've
25%
til
25%
Tommy Boyce and Bobby Hart
25%
tonight
25%
wrong
25%
Alright
13%
Bobby
13%
close
13%
closer
13%
doubt
13%
guess
13%
making
13%
over
13%
Sha
13%
spite
13%
understand
13%
uptight
13%
No matching quizzes found
Score Distribution
Percent of People with Each Score
Percentile by Number Answered
Your Score History
You have not taken this quiz